| 000 | 00634nam a2200169 4500 | ||
|---|---|---|---|
| 001 | 115918 | ||
| 003 | ES-MaACL | ||
| 005 | 20230906190606.0 | ||
| 007 | t| | ||
| 008 | 061121s1949 sp r ||||1| spa d | ||
| 100 | 1 |
_aPan, Ismael del. _988740 |
|
| 245 | 1 | 0 |
_aBases para un proyecto de museo pedagógico-cultural de Ciencias Naturales de España / _cIsmael del Pan Fernández. |
| 260 |
_aMadrid : _b[s.n.], _c1949. |
||
| 300 |
_a22 h. : _bil ; _c22 cm. |
||
| 500 | _aEs tirada aparte del Boletín de la Real Sociedad Española de Historia Natural. Tom. Extraordinario 1946 (págs.261-303) | ||
| 852 |
_aES-MaACL _j1900-F-16 _bR.28848 |
||
| 999 |
_c115918 _d115918 |
||